000 00276nam a2200109Ia 4500
008 220622s9999 xx 000 0 und d
020 _a191 9855300
082 _a325.10968 NAS
100 _aBILL NASSON
_94403
245 4 _aTHE IMPACT AND LIMITION OF COLONIALISM
942 _cBK
_w561
_xJohn Tresidder
_y561
_zJohn Tresidder
999 _c674450
_d674449